000 01347nam a22004217a 4500
001 BR0603413
003 BR-BrBNA
005 20230928102232.0
007 ta
008 230509b bl.||||| |||| 00| 0 por d
040 _aBR-BrBNA
_bpor
_cBiblioteca Nacional de Agricultura
041 _a(Por)
072 _aP10; P11; K70
_b1910
090 _ 1910 BR0603413
100 1 _aGouveia Neto, S.C. de
110 1 _aCentro de Energia Nuclear na Agricultura, Piracicaba, SP (Brasil)
_0Tese (Mestre em Energia na Agricultura)
245 1 _aConcentrações e balanços de carbono orgânico dissolvido em duas bacias do estado de Rondônia: uma comparação entre floresta e pastagem
260 3 _aPiracicaba, SP (Brasil):
_c2006.
300 _a55 p.
500 _aSummaries (Eng, Por); Bibliography p. 50-55; 12 tables; 12 illus.
650 _aBALANÇO HÍDRICO
650 _aDESMATAMENTO
650 _aPRECIPITAÇÃO PLUVIAL
650 _aGEOQUÍMICA
650 _aCARBONO
650 _aHIDROLOGIA
650 _aBACIA HIDROGRÁFICA
650 _aFLORESTA
650 _aPASTAGEM
650 _aÁGUA DE DRENAGEM
650 _aDRENAGEM SUPERFICIAL
650 _aANÁLISE QUÍMICA
650 _aECOSSISTEMA
650 _aCOMPACTAÇÃO DO SOLO
650 _aRONDÔNIA
909 _a202309
_bLucia
_c55
_dLucia Elande
942 _cBK
999 _c69783
_d69783